Civil liabilities and arrest decision (Record no. 45623)
[ view plain ]
| 000 -LEADER | |
|---|---|
| fixed length control field | 00327pab a2200133 454500 |
| 008 - FIXED-LENGTH DATA ELEMENTS--GENERAL INFORMATION | |
| fixed length control field | 180718b2000 xxu||||| |||| 00| 0 eng d |
| 100 ## - MAIN ENTRY--PERSONAL NAME | |
| Personal name | Stevens, Dennis J. |
| 245 ## - TITLE STATEMENT | |
| Title | Civil liabilities and arrest decision |
| 260 ## - PUBLICATION, DISTRIBUTION, ETC. | |
| Date of publication, distribution, etc. | 2000 |
| 300 ## - PHYSICAL DESCRIPTION | |
| Extent | p.119-42 |
| 650 ## - SUBJECT ADDED ENTRY--TOPICAL TERM | |
| Topical term or geographic name entry element | Legal liability |
| 773 ## - HOST ITEM ENTRY | |
| Main entry heading | Police Journal |
| 909 ## - | |
| -- | 45623 |
| Withdrawn status | Lost status | Damaged status | Not for loan | Permanent Location | Current Location | Date acquired | Serial Enumeration / chronology | Barcode | Date last seen | Price effective from | Koha item type |
|---|---|---|---|---|---|---|---|---|---|---|---|
| Indian Institute of Public Administration | Indian Institute of Public Administration | 2018-07-19 | Volume no: 73, Issue no: 2 | AR46046 | 2018-07-19 | 2018-07-19 | Articles |
